Statistics for Famous Williams Quiz

Click here to take the quiz!

General Stats

  • This quiz has been taken 107 times
    (102 since last reset)
  • The average score is 9 of 20

Answer Stats

CluePerson% Correct
English playwrightWilliam Shakespeare
87%
42nd PresidentBill Clinton
71%
Founder of MicrosoftBill Gates
71%
BraveheartWilliam Wallace
69%
Captain James T. KirkWilliam Shatner
66%
"Piano Man"Billy Joel
58%
Battle of HastingsWilliam the Conqueror
56%
"When Harry Met Sally" Hollywood film starBilly Crystal
48%
Old West outlawBilly the Kid
47%
Heaviest US PresidentWilliam Howard Taft
47%
____ ___ the Science GuyBill Nye
46%
Lord of the FliesWilliam Golding
38%
Shortest-serving US PresidentWilliam Henry Harrison
32%
Early QuakerWilliam Penn
32%
Creator of an American newspaper empireWilliam Randolph Hearst
29%
Southern novelistWilliam Faulkner
24%
Boston Celtics center who won 11 championships in 13 yearsBill Russell
20%
Won the Spanish-American warWilliam McKinley
19%
Discovered blood circulationWilliam Harvey
16%
Discovered infrared radiationWilliam Herschel
4%

Score Distribution

Percentile by Number Answered

Percent of People with Each Score

Your Score History

You have not taken this quiz since the last reset